Empat saudara bijak

Bibliographic Details
Format: Book
Published: Kuala Lumpur : Penerbit Gema Insan , 1994
Series:Siri klasik dunia
Subjects:

MARC

LEADER 00000cam a2200000 7i4500
001 0000050076
005 20220105105345.0
008 150707
020 |a 9839593803 
090 0 0 |a CT   |b MAL 
245 0 0 |a Empat saudara bijak 
260 |a Kuala Lumpur :   |b Penerbit Gema Insan ,   |c 1994 
300 |a 32pg. 
490 1 |a Siri klasik dunia 
500 |a Children ages 7-9 years old (orange) 
650 0 |a Children's stories, Malay 
650 0 |a Classic tales 
999 |a 0000418563   |b Book   |c Children Collection   |e Cawangan Pontian 
999 |a 0000575512   |b Book   |c Children Collection   |e Cawangan Pontian 
999 |a 0000774142   |b Book   |c Children Collection   |e Cawangan Pontian 
999 |a 0000774143   |b Book   |c Children Collection   |e Cawangan Pontian 
999 |a 0000774144   |b Book   |c Children Collection   |e Cawangan Pontian 
999 |a 0000774145   |b Book   |c Children Collection   |e Cawangan Pontian 
999 |a 0000774146   |b Book   |c Children Collection   |e Cawangan Pontian 
999 |a 0000842767   |b Book   |c Children Collection   |e Cawangan Segamat 
999 |a 0000866909   |b Book   |c Children Collection   |e Cawangan Segamat 
999 |a 0000866910   |b Book   |c Children Collection   |e Cawangan Segamat